Statistics for Peru True or False?

Click here to take the quiz!

General Stats

  • This quiz has been taken 474 times
  • The average score is 10 of 15

Answer Stats

QuestionAnswer% Correct
Roasted guinea pig is a Peruvian delicacyTrue
86%
People live on floating islands of reeds on Lake TiticacaTrue
85%
The potato originated in PeruTrue
78%
Peru's longest border is with ColombiaFalse
77%
Machu Picchu is the oldest man-made structure in the AmericasFalse
74%
Peru has a sand dune over a kilometre tallTrue
72%
Llamas are close relatives of camelsTrue
70%
The Amazon river begins in PeruTrue
68%
Quechua is a drink made with coca leavesFalse
66%
Peru has the largest city on Earth with no road accessTrue
65%
The Shining Path is a shamanic order in the Peruvian rainforestFalse
64%
Peru is the only 4-letter country in the AmericasFalse
57%
The Incas were conquered by conquistador Hernán CortésFalse
54%
The deepest canyon in the Americas is found in PeruTrue
47%
Ex-president Alberto Fujimori lives in Lima's largest estate, over 15km²False
37%

Score Distribution

Percentile by Number Answered

Percent of People with Each Score

Your Score History

You have not taken this quiz